000 00564nam a2200193Ia 4500
003 GCL
008 140319s9999 xx 000 0 ara d
040 _aGCL /
_cGCL
082 0 4 _a813.01
_bم ا
100 1 _aمحمد عبدالسلام العمرى
245 1 0 _aاكليل من الزهور /
_cمحمد عبدالسلام العمرى
260 _a[S.N] :
_bاصدقاء الكتاب ،
_c1991
300 _a127 ص
490 _a
650 0 4 _aالادب العربى
650 0 4 _aالقصص العربية
650 0 4 _aالقصص
942 _2ddc
_cBK
999 _c35760
_d35760